000 00540nam a2200181Ia 4500
999 _c13691
_d13691
003 OSt
005 20201016121242.0
008 190216s9999||||xx |||||||||||||| ||und||
020 _a8171671128
040 _coclc
082 _a828.9935
_bPAR/A
100 _aParanjape, Makarand
_95768
245 3 _aAn Anthology Of New Indian English Poetry /
_cMakarand Paranjape
260 _bRupa & Co ,
_c1993.
_aNew Delhi:
300 _a121p
650 _aEnglish Poetry
942 _cBK
_2ddc
_h828.9935
_iPAR/A
_k828.9935
_mPAR/A